История СССР 4.0 - Statistics

General Stats
  • This quiz has been taken 74 times
  • The average score is 8 of 20
Answer Stats
Вопрос Ответ % Correct
Сколько всего было принято Конституций за время существования СССР? 3
78%
Какой футболист стал первым в СССР обладателем Золотого мяча? Лев Яшин
69%
Без этого торта, названного в честь европейского города, редко обходились праздники и застолья в СССР. Как он назывался? Прага
67%
Он жил в банке под марлей во многих домах в Советском Союзе. Чайный гриб
63%
Советский Союз омывался 12 морями, а 13-м было озеро. Какое у него название? Каспийское
61%
Кто написал «Песню о друге», которая звучит в кинофильме «Вертикаль»? Владимир Высоцкий
53%
Сколько жён было у бандита Абдуллы из фильма «Белое солнце пустыни»? 9
49%
Про какие популярные советские духи в официальной характеристике сказано: «Тонкий, тёплый, благородный аромат с оттенком флёрдоранжа»? «Красная Москва»
45%
Село Чардахлы является родиной двух маршалов, двенадцати генералов и семи Героев Советского Союза. В каком современном государстве находится это село? Азербайджан
41%
Какая кондитерская фабрика СССР выпускала конфеты «Южная ночь»? «Красный Октябрь»
41%
Кто был режиссёром советского фильма «Осенний марафон»? Георгий Данелия
33%
Какой предмет символизировал связь трёх поколений: коммунистов, комсомольце и пионеров? Галстук
29%
Как назывался самый популярный сатирический журнал в СССР? «Крокодил»
27%
Как назывался фильм о жизни и сложностях молодых людей, снятый по одноимённой повести Карена Шахназарова? «Курьер»
27%
Советский телевизор с каким названием был самым массовым с выпуском 1 миллион 443 тысяч экземпляров? Рубин
22%
Какая Советская стратегическая операция завершила битву за Сталинград? Операция {«Кольцо»}
22%
Как назывались вафельные конфеты, на обертке которых красовались четыре медведя в сосновом лесу? «Мишка косолапый»
18%
За достижения в каком виде спорта Александр Дитятин попал в книгу рекордов Гиннесса? Гимнастика
16%
Кто является автором стихов, которые читает в фильме «Служебный роман» героиня Светланы Немоляевой «О мой застенчивый герой, ты ловко избежал позора»? Белла Ахмадулина
12%
Как звали героического пса, который сумел обнаружить без малого 7,5 тысячи мин и более 150 снарядов? Джульбарс
10%
No matching quizzes found
Score Distribution
Percent of People with Each Score
Percentile by Number Answered
Your Score History
You have not taken this quiz